000 00654nam a2200181Ia 4500
008 100920s9999 xx 000 0 und d
082 _b85979
_a891.463.1 न 04
100 _aआर्चर जेफ्रे/अनु . बोरूडे संजय.
245 _aद परफेक्ट मर्डर.
260 _bप्राजक्त प्रकाशन, पुणे.
_c2004
300 _a144
_bसाधी
365 _b130
520 _aलघुकथा.
630 _aद परफेक्ट मर्डर.
650 _aलघुकथा.
730 _aद परफेक्ट मर्डर.
942 _cBOOK
999 _c726489
_d726486